000 nam a22 7a 4500
999 _c52265
_d52265
003 OSt
005 20220613152645.0
008 220613b xxu||||| |||| 00| 0 eng d
040 _cIIMT UNIVERSITY MEERUT
100 _aROY , DINESH KUMAR
245 _aKOMARBHARTIYA DEEPIKA VOL-2
250 _a1 ST
260 _aJAIPUR
_bSPH
_c2020
300 _a630
942 _2ddc
_c01